Ballon d'Or 2018 - Statistiken

Allgemein
  • Dieses Quiz wurde 471 mal gespielt
  • Das Durchschnittsergebnis liegt bei 26 aus 30
Antwortstatistiken
Platz Spieler Verein/e Nation Stimmen % Korrekt
2. Cristiano Ronaldo Real Madrid/Juventus Turin Portugal 476
100%
5. Lionel Messi FC Barcelona Argentinien 280
100%
1. Luka Modric Real Madrid Kroatien 753
100%
6. Mohamed Salah FC Liverpool Ägypten 188
99%
17. Karim Benzema Real Madrid Frankreich 6
98%
4. Kylian Mbappé Paris Saint-Germain Frankreich 347
98%
3. Antoine Griezmann Atletico Madrid Frankreich 414
97%
10. Harry Kane Tottenham Hotspur England 25
97%
9. Kevin de Bruyne Manchester City Belgien 29
97%
13. Luis Suárez FC Barcelona Uruguay 17
97%
17. Gareth Bale Real Madrid Wales 6
95%
12. Neymar Paris Saint-Germain Brasilien 19
95%
8. Eden Hazard FC Chelsea Belgien 119
93%
22. Sadio Mané FC Liverpool Senegal 3
93%
11. N'Golo Kanté FC Chelsea Frankreich 24
90%
16. Sergio Agüero Manchester City Argentinien 7
88%
15. Paul Pogba Manchester United Frankreich 9
87%
19. Sergio Ramos Real Madrid Spanien 4
87%
19. Ivan Rakitic FC Barcelona Kroatien 4
86%
22. Edinson Cavani Paris Saint-Germain Uruguay 3
85%
19. Roberto Firmino FC Liverpool Brasilien 4
83%
7. Raphael Varane Real Madrid Frankreich 121
82%
14. Thibaut Courtois FC Chelsea/Real Madrid Belgien 12
82%
29. Hugo Lloris Tottenham Hotspur Frankreich 0
79%
25. Jan Oblak Atletico Madrid Slowenien 2
77%
22. Marcelo Real Madrid Brasilien 3
76%
25. Alisson AS Rom/FC Liverpool Brasilien 2
73%
28. Diego Godin Atletico Madrid Uruguay 1
65%
25. Mario Mandzukic Juventus Turin Kroatien 2
62%
29. Isco Real Madrid Spanien 0
58%
Keine übereinstimmenden Quizze gefunden
Verteilung der Resultate
Anzahl Personen mit jedem Resultat
Perzentil nach korrekt beantworteten Fragen
Ihre Resultats-Entwicklung
Sie haben dieses Quiz noch nicht gespielt